Quizzes
Events
Quiz Creation
Community
Videos
Private Events
Remove Ads
Sign In
Join for FREE
Feedback
Dark Mode
Quiz Categories
Sports
Geography
Music
Movies
Television
Just For Fun
Miscellaneous
History
Literature
Language
Science
Gaming
Entertainment
Religion
Holiday
For Kids
Quiz Lab
Recent
Popular Today
Quiz Kudos Today
Editor Picks
Curator Picks
Quizzes by...
Day
Popularity
Type
Ratings
Length
Year
Community
Subscriptions
Recent Discussions
Orange Saloon
Badges
Playlists
Quests
Create
Leaderboards
Showdown
Live 5
Trivia Bingo
Activity
Puzzle Library
Sporcle Events
Private Events
Virtual Trivia
Globe League
Become a Host
Pub Owners
SporcleCon
Opinionation
Our Games
Videos
Blog
Mobile Apps
Partnerships
Remove Ads and Go Orange
Feedback
Miscellaneous
Crossword
General Knowledge
Baby Names
Logo
Food
Cars
Numbers
Grab Bag
University
College
Popular
Company
Slogans
Restaurants
Justice
Letter
Miscellaneous
Crossword
General Knowledge
Baby Names
Logo
Food
Cars
Numbers
Grab Bag
University
College
Popular
Company
Slogans
Restaurants
Justice
Letter
Random Quiz
Search Sporcle
×
Quiz Lab
Quiz Lab
Miscellaneous
organisation
Type in answers that appear in a list
Type in answers that appear in a list
Classic
Best Score? Go Orange.
Zoo Organisation Abbreviations Stats
Can you name the Zoo Organisation Abbreviations?
By
beluga77
11m
25 Questions
8 Plays
8 Plays
8 Plays
Comments
Comments
Give Quiz Kudos
Give Quiz Kudos
-
- Ratings
hide this ad
Replay
Link that replays current quiz
Next Quiz
Link to next quiz in quiz playlist
You Got
0%
They Got
Avg Score
9%
Avg Friend Score
Upgrade to see
Score Distribution
Jump to the score distribution portion of the page
Score
0/25
Timer
11:00
0
Plays Today
Abbreviation
Title
% Correct
AZA
Association of Zoos and Aquariums
50%
CBP
Captive Breeding Programme
50%
EAZA
European Association of Zoos and Aquaria
25%
TAG
Taxon Advisory Group
25%
ARKS
Animal Records Keeping System
12.5%
BAP
Biodiversity Action Plan
12.5%
EEP
European Endangered Species Programme
12.5%
RSG
Re-introduction Specialist Group
12.5%
SSP
Species Survival Plan
12.5%
ZIMS
Zoological Information Management System
12.5%
BIAZA
British and Irish Associations of Zoos and Aquaria
0%
CAMP
Conservation Assessment and Management Plan
0%
CBSG
Conservation Breeding Specialist Group
0%
Abbreviation
Title
% Correct
CITES
Convention on International Trade in Endangered Species of Flora and Fauna
0%
ISIS
International Species Informational System
0%
IUCN
The World Conservation Union
0%
IUDZG
The World Zoo Organisation
0%
IZEA
International Zoo Educators Association
0%
PHVA
Population and Habitat Viability Analysis
0%
SPARKS
Single Population and Records Keeping System
0%
SSC
Species Survival Commision
0%
WAZA
Word Association of Zoos and Aquaria
0%
WCMC
World Conservation Monitoring Centre
0%
WZACS
World Zoo and Aquaria Conservation Strategy
0%
WZCS
World Zoo Conservation Strategy
0%
Quiz Playlist
Details
Report
Send in Message
Add To Playlist
Classic:
Type in answers that appear in a list
Last Updated: Feb 16, 2017
Quiz Scoreboard
CHALLENGE
Sign Up to Join the Scoreboard
Show All
Scores
Hide
Comments
May contain spoilers
Recently Published
Alphabetical 'K' Countries by Flag Minefield
by ylime102
Geography
3m
Pick 6: Fruits
by JohnFran
Miscellaneous
15s
Click the 1999 NBA Draft
by nibperrychub
Sports
2m
More to Explore
Quiz From the Vault
Featured Blog Post
15 Basketball Trivia Facts You Can Be March Mad About
hide this ad
You Might Also Like...
Tags
Abbreviation
organisation
Zoo
Today's Top Quizzes in Miscellaneous
Browse Miscellaneous
hide this ad
Top Contributed Quizzes in Miscellaneous
1
The JOE quick-fire general knowledge quiz: Day 166
2
The JOE quick-fire general knowledge quiz: Day 165
3
Guess the 'S' Things in 3 Words
4
Guess the 'T' Things in 3 Words
5
Guess the 'V' Things in 3 Words
6
Guess the 'W' Things in 3 Words
7
Guess the 'Y' Things in 3 Words
8
Sporcle Acrostic Puzzle XXXV
9
The JOE quick-fire general knowledge quiz: Day 164
10
Enormous Crossword: Best Actress Oscar
Explore More
Trending Topics
Crossword
Disney
Harry Potter
Anime
Kpop
NBA
Marvel
Puzzle
Song
NFL
Country
Soccer
The Office
WWE
Pokémon
hide this ad
More By:
beluga77
Quiz
Plays
Rating
Category
Featured
Created
Zoo Organisation Abbreviations
8
Miscellaneous
Oct 18, 2011
Go to Creator's Profile
Score Distribution
Quiz Creator Spotlight
beluga77
Follow
Send a Message
Quizzes Created
-
Created Quiz Play Count
-
More By This Creator
Popular Quizzes Today
1
Match the Book to the Film X
2
DC Extended Universe: Oldest to Newest
3
Medical Shows by Picture
4
Keanu Reeves Movies
5
'Inside Out' Cast
6
Animal Sorting Blitz
7
Least Populous Country of World per Letter Minefield
8
McDonald's or Burger King?
More Miscellaneous Quizzes
9 in 30: Corn Dishes
Published
Trending Quizzes
First Name TV: Leading Men
Match the Book to the Film II
First Name TV: Leading Women Drama
Match the Book to the Film VI
Pick A Pair: Religious TV
Recently Updated
Women's Final Four Teams by Year
bhenderson79
Presidents Quartet II
eogle
Anything But Clue(do)
eogle
Anything But Oceanian Capitals
eogle
Anything But 7
eogle
Anything But Thing
eogle
Word Ladder: February 29
pecheneg
Song Title Questions
pecheneg
Women's NCAA Tournament #1 Seeds
pecheneg
Celebrity Mug Shots
pecheneg
Trending Topics
NBA
Kpop
Crossword
Disney
Anime
Marvel
Harry Potter
Pokémon
WWE
The Office
Soccer
Puzzle
NFL
Song
Country
Your Account Isn't Verified!
In order to create a playlist on Sporcle, you need to verify the email address you used during registration. Go to your
Sporcle Settings
to finish the process.
Report this User
Report this user for behavior that violates our
Community Guidelines
.
Details:
Send Report
Go to the Sporcle.com Mobile Site →
Comments